Фенольные соединения некоторых сибирских ВИДОВ Saussurea; Перспективы развития фундаментальных наук; Т. 4 : Биология и фундаментальная медицина
| Parent link: | Перспективы развития фундаментальных наук=Prospects of Fundamental Sciences Development: сборник научных трудов XIV Международной конференции студентов, аспирантов и молодых ученых, г. Томск, 25-28 апреля 2017 г./ Национальный исследовательский Томский политехнический университет (ТПУ) ; под ред. И. А. Курзиной, Г. А. Вороновой.— , 2017 Т. 4 : Биология и фундаментальная медицина.— 2017.— [С. 136-138] |
|---|---|
| Glavni avtor: | |
| Drugi avtorji: | , , |
| Izvleček: | Заглавие с экрана Screening studies of phenolic compounds were made for seven Siberian Saussurea species DC.: S. controversa DC., S. latifolia Ledeb., S. parviflora (Poir.) DC., S. frolowii Ledeb., S. amara (L.) DC., S. salicifolia DC. и S. davurica Adams. All these plants contain aglycons and glycosides of flavonoids while quercetin and isoquercitrin are the most often found. Another 7 flavonoids are determined along with them in some of these species. Phenolic acids were detected in all samples with a predominance of coffee, chlorogenic and cinnamic acids. Esculetin and umbelliferone were identified in specimens of four different species. |
| Jezik: | ruščina |
| Izdano: |
2017
|
| Teme: | |
| Online dostop: | http://earchive.tpu.ru/handle/11683/44877 |
| Format: | Elektronski Book Chapter |
| KOHA link: | https://koha.lib.tpu.ru/cgi-bin/koha/opac-detail.pl?biblionumber=625073 |
MARC
| LEADER | 00000naa2a2200000 4500 | ||
|---|---|---|---|
| 001 | 625073 | ||
| 005 | 20231101133338.0 | ||
| 035 | |a (RuTPU)RU\TPU\conf\24333 | ||
| 035 | |a RU\TPU\conf\24329 | ||
| 090 | |a 625073 | ||
| 100 | |a 20171206d2017 k y0rusy50 ca | ||
| 101 | 0 | |a rus |d eng | |
| 102 | |a RU | ||
| 105 | |a y z 100zy | ||
| 135 | |a drcn ---uucaa | ||
| 181 | 0 | |a i | |
| 182 | 0 | |a b | |
| 200 | 1 | |a Фенольные соединения некоторых сибирских ВИДОВ Saussurea |d Phenolic substances of some Siberian Saussurea species |f Я. Е. Решетов, М. Н. Шурупова, У. С. Пиримкулова |g науч. рук. Е. Ю. Авдеева | |
| 203 | |a Текст |c электронный | ||
| 230 | |a 1 компьютерный файл (pdf; 178 Kb) | ||
| 300 | |a Заглавие с экрана | ||
| 320 | |a [Библиогр.: с. 138 (11 назв.)] | ||
| 330 | |a Screening studies of phenolic compounds were made for seven Siberian Saussurea species DC.: S. controversa DC., S. latifolia Ledeb., S. parviflora (Poir.) DC., S. frolowii Ledeb., S. amara (L.) DC., S. salicifolia DC. и S. davurica Adams. All these plants contain aglycons and glycosides of flavonoids while quercetin and isoquercitrin are the most often found. Another 7 flavonoids are determined along with them in some of these species. Phenolic acids were detected in all samples with a predominance of coffee, chlorogenic and cinnamic acids. Esculetin and umbelliferone were identified in specimens of four different species. | ||
| 461 | 1 | |0 (RuTPU)RU\TPU\conf\21388 |t Перспективы развития фундаментальных наук |l Prospects of Fundamental Sciences Development |o сборник научных трудов XIV Международной конференции студентов, аспирантов и молодых ученых, г. Томск, 25-28 апреля 2017 г. |o в 7 т. |f Национальный исследовательский Томский политехнический университет (ТПУ) ; под ред. И. А. Курзиной, Г. А. Вороновой |d 2017 | |
| 463 | 1 | |0 (RuTPU)RU\TPU\conf\21393 |t Т. 4 : Биология и фундаментальная медицина |v [С. 136-138] |d 2017 | |
| 510 | 1 | |a Phenolic substances of some Siberian Saussurea species |z eng | |
| 610 | 1 | |a электронный ресурс | |
| 610 | 1 | |a фенольные соединения | |
| 610 | 1 | |a кумарины | |
| 610 | 1 | |a фенолокислоты | |
| 610 | 1 | |a хроматография | |
| 610 | 1 | |a лекарственные средства | |
| 610 | 1 | |a фармакологические средства | |
| 700 | 1 | |a Решетов |b Я. Е. | |
| 701 | 1 | |a Шурупова |b М. Н. | |
| 701 | 1 | |a Пиримкулова |b У. С. | |
| 702 | 1 | |a Авдеева |b Е. Ю. |4 727 | |
| 801 | 2 | |a RU |b 63413507 |c 20171211 |g RCR | |
| 856 | 4 | |u http://earchive.tpu.ru/handle/11683/44877 | |
| 942 | |c BK | ||